ISC COMMERCE/ (Record no. 200623)

MARC details
000 -LEADER
fixed length control field 00631nam a22002057a 4500
005 - DATE AND TIME OF LATEST TRANSACTION
control field 20240503114607.0
010 ## - LCCN (DPL NO)
LC control number ENG-139157
020 ## - INTERNATIONAL STANDARD BOOK NUMBER
International Standard Book Number 9789352838257
Terms of availability 620.00
035 ## - SYSTEM CONTROL NUMBER
System control number EN-122689
037 ## - SOURCE OF ACQUISITION
Source of stock number/acquisition DBAD/PUB
082 ## - DEWEY DECIMAL CLASSIFICATION NUMBER
Classification number 381
Edition number 1
Item number 1
100 ## - MAIN ENTRY--PERSONAL NAME
Personal name Gupta C.B
245 ## - TITLE STATEMENT
Title ISC COMMERCE/
Statement of responsibility, etc By C.B. Gupta
Medium English
260 ## - PUBLICATION, DISTRIBUTION, ETC. (IMPRINT)
Place of publication, distribution, etc New Delhi
Name of publisher, distributor, etc S Chand Publication
Date of publication, distribution, etc 2020
270 ## - ADDRESS
Address b-1/D-1,Ground Floor,, Mohan Co-operative Industrial Estate, Mathura Road
City New Delhi
Postal code 110044
300 ## - PHYSICAL DESCRIPTION
Extent 424 Pages
Dimensions 24.cm hbk
490 ## - SERIES STATEMENT
Volume number/sequential designation Vol 2
700 ## - ADDED ENTRY--PERSONAL NAME
Personal name Gupta C.B
9 (RLIN) 61835
942 ## - ADDED ENTRY ELEMENTS (KOHA)
Item type English Books
Classification part 381
Source of classification or shelving scheme Dewey Decimal Classification
Call number suffix GUP
Edition 2020
Holdings
Withdrawn status Lost status Materials specified (bound volume or other part) Not for loan Collection code Home library Current library Date acquired Source of acquisition Cost, normal purchase price Full call number Barcode Copy number Cost, replacement price Koha item type
    VOL 2   Non-fiction Ashok Vihar Ashok Vihar 09/02/2024 DBAD 620.00 381 GUP EN-122689 1 620.00 English Books

© Delhi Public Library
Hit Counter
free hit counter